| 000 | 00371nam a2200145Ia 4500 | ||
|---|---|---|---|
| 008 | 230917s9999||||xx |||||||||||||| ||und|| | ||
| 040 |
_e42639 _aMAIN |
||
| 041 | _aEnglish | ||
| 082 | _a820.9 G878C | ||
| 100 | _aGrigson, Geoffrey | ||
| 245 | 4 | _aThe contrary view: glimpses of fudge and gold | |
| 260 |
_aLondon _bMacmillan _c1974 |
||
| 300 | _ax, 243 p. | ||
| 942 | _cBK | ||
| 999 |
_c223992 _d223992 |
||